<?xml version="1.0" encoding="UTF-8"?><?xml-stylesheet type="text/xsl" href="static/style.xsl"?><OAI-PMH xmlns="http://www.openarchives.org/OAI/2.0/" xmlns:xsi="http://www.w3.org/2001/XMLSchema-instance" xsi:schemaLocation="http://www.openarchives.org/OAI/2.0/ http://www.openarchives.org/OAI/2.0/OAI-PMH.xsd"><responseDate>2026-04-17T01:12:26Z</responseDate><request verb="GetRecord" identifier="oai:www.recercat.cat:2117/414381" metadataPrefix="marc">https://recercat.cat/oai/request</request><GetRecord><record><header><identifier>oai:recercat.cat:2117/414381</identifier><datestamp>2025-07-17T16:38:22Z</datestamp><setSpec>com_2072_1033</setSpec><setSpec>col_2072_452951</setSpec></header><metadata><record xmlns="http://www.loc.gov/MARC21/slim" xmlns:dcterms="http://purl.org/dc/terms/" xmlns:xsi="http://www.w3.org/2001/XMLSchema-instance" xmlns:doc="http://www.lyncode.com/xoai" xsi:schemaLocation="http://www.loc.gov/MARC21/slim http://www.loc.gov/standards/marcxml/schema/MARC21slim.xsd">
   <leader>00925njm 22002777a 4500</leader>
   <datafield ind2=" " ind1=" " tag="042">
      <subfield code="a">dc</subfield>
   </datafield>
   <datafield ind2=" " ind1=" " tag="720">
      <subfield code="a">Capdevila Solà, Oriol</subfield>
      <subfield code="e">author</subfield>
   </datafield>
   <datafield ind2=" " ind1=" " tag="260">
      <subfield code="c">2024-07</subfield>
   </datafield>
   <datafield ind2=" " ind1=" " tag="520">
      <subfield code="a">En el present projecte es realitza el disseny de les instal·lacions d'un restaurant situat en un complex d'un càmping. Es dissenyaran totes les instal·lacions amb l'objectiu de proporcionar el màxim confort i funcionalitat, tot minimitzant l'impacte ambiental. L'edifici objecte d'aquest projecte es desenvolupa en planta soterrani, planta baixa i planta coberta, amb una planta rectangular de 25,9 metres d'ample per 46,8 metres de llarg. A la planta soterrani hi ha magatzems, zones de servei i sales tècniques. A la planta baixa es troba el bar-restaurant, que inclou la zona de menjador, la cuina i els banys. La planta coberta està destinada exclusivament a la instal·lació de la maquinària necessària. Aquest projecte implica la reforma d'un edifici existent, promovent l'ús d'energies renovables i l'eficiència energètica per reduir l'impacte ambiental. Es preveu la instal·lació de sistemes de captació solar per a la producció d'energia elèctrica, amb l'objectiu de reduir el consum energètic de fonts no renovables. També s'utilitzaran equips d'alta eficiència per minimitzar el consum energètic i l'impacte ambiental associat. Totes les instal·lacions dissenyades en aquest projecte compleixen estrictament amb la normativa vigent, assegurant que es respectin tots els requisits legals i tècnics aplicables a aquest tipus d'instal·lacions. Aquest enfocament integral garanteix un projecte sostenible, eficient i respectuós amb el medi ambient, proporcionant alhora un espai confortable i funcional per als usuaris del restaurant.</subfield>
   </datafield>
   <datafield tag="653" ind2=" " ind1=" ">
      <subfield code="a">Àrees temàtiques de la UPC::Edificació::Instal·lacions i acondicionament d'edificis</subfield>
   </datafield>
   <datafield tag="653" ind2=" " ind1=" ">
      <subfield code="a">Restaurants--Design and construction</subfield>
   </datafield>
   <datafield tag="653" ind2=" " ind1=" ">
      <subfield code="a">Restaurants--Disseny i construcció</subfield>
   </datafield>
   <datafield ind2="0" ind1="0" tag="245">
      <subfield code="a">Projecte dels sistemes energètics d'un edifici de serveis d'un càmping</subfield>
   </datafield>
</record></metadata></record></GetRecord></OAI-PMH>